000 01094nas a2200349 4500
001 BR2018000489
003 BR-BrBNA
005 20231205131242.0
007 ta
008 230509b bl.|||p| |||| 00| 00por d
040 _aBR-BrBNA
_bpor
_cBiblioteca Nacional de Agricultura
041 _a(En)
072 _aF04
100 1 _aGomes, G.M.F.
100 1 _aCândido, M.J.D.
100 1 _aLopes, M.N.
100 1 _aMaranhão, T.D.
100 1 _aAndrade, D.R. de
100 1 _aCosta, J.F.M.
100 1 _aSilveira, W.M.
100 1 _aNeiva, J.N.M.
245 1 _aChemical composition of cactus pear cladodes under different fertilization and harvesting managements
650 _aPALMA FORRAGEIRA
650 _aADUBAÇÃO
650 _aNITROGÊNIO
650 _aFÓSFORO
650 _aMATÉRIA SECA
773 0 _tPesquisa Agropecuária Brasileira (Brazil)
_xISSN 1678-3921
_g(Feb 2018), v. 53(2) p. 221-228
_wBR2018000489
856 4 0 _uhttp://seer.sct.embrapa.br/index.php/pab/article/view/25310/14142
909 _a202311
_bLúcia
_c55
_dLúcia Elande
942 _2AGRIS
_n0
_cANA
999 _c253807
_d253807